000 00567nam a2200229Ia 4500
003 OSt
005 20220918201947.0
006 a|||||r|||| 00| 0
007 ta
008 220917b |||||||| |||| 00| 0 eng d
024 _a97,733
037 _cTextual
040 _aARTS
_cARTS
_beng
041 _2eng
_aeng
082 _aV2:25wM42, K3
100 _aParvate T V
_9101526
245 0 _aMahadev Gond Ranade
_b a biography
260 _c1963
650 _aHISTORY
942 _hV2:25wM42, K3
_cTEXL
_2CC
999 _c221327
_d221327